| 000 | 01027cam a2200205 4500 | ||
|---|---|---|---|
| 001 | WB4009-12 | ||
| 008 | 040301n2004 000 0 eng u | ||
| 035 | _a(Sirsi) u125264 | ||
| 245 | _aEurope backs more state aid in Britain | ||
| 260 | _c2004 | ||
| 490 |
_aRegeneration and Renewal _v 27 February 2004, 1(1) |
||
| 520 | _aDraft European Commission proposals would allow regional development agencies and English Partnerships to fund small-scale regeneration schemes without fear of breaching European state aid rules. Government has been lobbying the Commission for more relaxed rules on state aid since 1999. If the EC draft proposals are well received, the new rules on state aid could by implemented by the end of 2004. View the EC consultation papers at http://www.europa.eu.int/comm/competition/state_ai d/others/lesser/en.pdf. | ||
| 590 | _aWB | ||
| 590 | _aWB | ||
| 650 | _aSTATE AID | ||
| 650 | _aREGIONAL DEVELOPMENT AGENCIES | ||
| 650 | _aENGLISH PARTNERSHIPS | ||
| 690 | _aREGENERATION | ||
| 942 | _n0 | ||
| 999 |
_c117063 _d117063 |
||